000 002950000a22001090004500
100 1 _aGattinoni, Juan
245 1 0 _aManual de culto : útil para o preparo, mas limitante na celebraçao
300 _aNum. 10 (Mayo, 2003), Página 16
700 1 _aOberman, Gerardo
773 0 _tTEAR
942 _cANA
999 _c55813
_d55813